000
00319nam a2200133Ia 4500
005
20251222144749.0
008
251222s9999||||xx |||||||||||||| ||spa||
020
_a
85-7526-007-3
082
_a
868.903/P26
100
_a
Parreira Duarte, Lélia
245
0
_a
Outras Margens.
264
_b
Belo Horizonte
942
_c
LIB
999
_c
19281
_d
19281